书目信息 |
| 题名: |
大学物理学
|
|
| 作者: | Sears 著 ;郭泰运 译 | |
| 分册: | 第三册 | |
| 出版信息: | 北京 人民教育出版社 1980 |
|
| 页数: | 265页 | |
| 开本: | 20cm | |
| 丛书名: | ||
| 单 册: | ||
| 中图分类: | O4-44 | |
| 科图分类: | ||
| 主题词: | 物理学 | |
| 电子资源: | ||
| ISBN: | ||
| 000 | 00526nam0 2200193 45 | |
| 001 | 0312221749 | |
| 005 | 20060727145505.76 | |
| 010 | @dCNY0.63 | |
| 100 | @a20031222d1980 km y0chiy0120 ea | |
| 101 | @achi@ceng | |
| 200 | 1 | @a大学物理学@ADa Xue Wu Li Xue@h第三册@f(美)F.W.Sears等著@F(mei)F.W.Sears deng zhu |
| 210 | @a北京@c人民教育出版社@d1980 | |
| 215 | @a265页@d20cm | |
| 606 | 0 | @a物理学 |
| 690 | @aO4-44@v4 | |
| 701 | 0 | @aSears@4著 |
| 702 | 0 | @a郭泰运@AGuo Tai Yun@4译 |
| 801 | @aCN@bTSTCL@c20060727 | |
| 905 | @dO41@e415:3 | |
| 大学物理学.第三册/(美)F.W.Sears等著.-北京:人民教育出版社,1980 |
| 265页;20cm |
| ISBN :CNY0.63 |
| ● |
| 相关链接 |
|
|
|
|
正题名:大学物理学
索取号:O41/415:3
 
预约/预借
| 序号 | 登录号 | 条形码 | 馆藏地/架位号 | 状态 | 备注 |
| 1 | 0433692 | 204336922 | 密集书库/ [索取号:O41/415:3] | 在馆 | |
| 2 | 0433693 | 204336931 | 密集书库/ [索取号:O41/415:3] | 在馆 |